Flintstones theme song - Statistics

General Stats
  • This quiz has been taken 33 times
  • The average score is 93 of 128
Answer Stats
Answer % Correct
the
100%
family
96%
Flintstones
96%
a
93%
Meet
93%
meet
93%
of
86%
Bedrock
82%
do
82%
history
82%
Yabba
82%
yabba
82%
age
79%
Dabba
79%
dabba
79%
Fred
79%
Theyre
79%
theyre
79%
Doo
75%
doo
75%
out
75%
right
75%
stone
75%
From
71%
gay
71%
have
71%
old
71%
time
71%
modern
68%
town
68%
When
68%
when
68%
with
61%
we'll
57%
We'll
57%
youre
57%
down
54%
Wilma
54%
page
50%
will
50%
feet
46%
street
46%
two
43%
Freds
39%
ride
39%
courtesy
36%
Lets
36%
night
36%
win
36%
cat
32%
fight
32%
stay
32%
Then
32%
through
32%
for
29%
maybe
29%
that
25%
Someday
21%
-----
4%
No matching quizzes found
Score Distribution
Percent of People with Each Score
Percentile by Number Answered
Your Score History
You have not taken this quiz